000 00722cam a2200229 a 4500
999 _c7658
_d7658
003 OSt
005 20200317125152.0
008 950822r19951971enka 001 0 eng
020 _a9780750620185
040 _aDLC
_cDLC
_dDLC
082 0 0 _a307.121
_220
_bGOR
100 1 _aCullen, Gordon,
_d1914-1994.
245 1 4 _aThe concise townscape /
_cGordon Cullen.
246 3 0 _aTownscape
260 _aOxford ;
_aBoston :
_bButterworth-Heinemann,
_c1995 printing.
300 _a199 p. :
_bill. ;
_c21 cm.
500 _aOriginally published: 1st pbk. ed. with new material. London : Architectural Press, c1971.
500 _aIncludes index.
650 0 _aCity planning.
650 0 _aCity planning
_zGreat Britain.
942 _2ddc